Value crisis : (Record no. 93819)

MARC details
000 -LEADER
fixed length control field 00788nam a22002417a 4500
005 - DATE AND TIME OF LATEST TRANSACTION
control field 20150806113331.0
010 ## - LCCN (DPL NO)
LC control number ENG-113143
020 ## - INTERNATIONAL STANDARD BOOK NUMBER
International Standard Book Number 9788184248425
Terms of availability 350.00
035 ## - SYSTEM CONTROL NUMBER
System control number EN-96675
037 ## - SOURCE OF ACQUISITION
Source of stock number/acquisition DBAD/PUB
082 ## - DEWEY DECIMAL CLASSIFICATION NUMBER
Classification number 306.85
100 ## - MAIN ENTRY--PERSONAL NAME
Personal name Jugessur, Soodursun
245 ## - TITLE STATEMENT
Title Value crisis :
Statement of responsibility, etc by Soodursun Jugessur
Remainder of title the happy family through family communion = sukhi parivaar /
246 ## - VARYING FORM OF TITLE
Title proper/short title Sukhi parivaar
260 ## - PUBLICATION, DISTRIBUTION, ETC. (IMPRINT)
Place of publication, distribution, etc New Delhi
Name of publisher, distributor, etc Allied Publishers
Date of publication, distribution, etc 2013
270 ## - ADDRESS
Address 1/13-14 Asaf Ali Road,
City New Delhi
Postal code 110002
300 ## - PHYSICAL DESCRIPTION
Extent xxxi,181p. :
Dimensions 22cm(Hb)
Other physical details b & w ill.
500 ## - GENERAL NOTE
General note Includes bibliographical references (pages 175-178) and index.
650 ## - SUBJECT ADDED ENTRY--TOPICAL TERM
Topical term or geographic name as entry element Families.
650 ## - SUBJECT ADDED ENTRY--TOPICAL TERM
Topical term or geographic name as entry element Parent and child.
650 ## - SUBJECT ADDED ENTRY--TOPICAL TERM
Topical term or geographic name as entry element Values.
942 ## - ADDED ENTRY ELEMENTS (KOHA)
Source of classification or shelving scheme Dewey Decimal Classification
Item type English Books
Call number suffix JUG
Classification part 306.85
Holdings
Withdrawn status Lost status Not for loan Collection code Home library Current library Date acquired Source of acquisition Cost, normal purchase price Full call number Barcode Copy number Cost, replacement price Koha item type
    Not For Loan Non-fiction D.B.Act.Division D.B.Act.Division 21/05/2015 DBAD/PUB 350.00 306.85 JUG EN-96675 1 350.00 English Books

© Delhi Public Library
Hit Counter
free hit counter